T'as la ref ? #1 - Statistiques

Statistiques générales
  • Ce quiz a été pris 41 fois
  • Le résultat moyen est 7 sur 15
Statistiques - réponses
début indice fin % Correct
"Animal qui vit parmi nous ? ___" Raciste étranger
75%
"Quelle mer faisant partie de l’océan arctique borde la Sibérie ? _ _ _ _" Questions pour un champion c'est la mer noire
69%
"Macron décapitation ! (ptain) __ ___" Boum Macron explosion
67%
"8 morts, 6 blessés _ __ _ __" Lubululle je pète ma bière
64%
"J'adore l'eau_ _ -_ _ _ __ _" JCVD dans 20-30 ans y en aura plus
56%
"Apex tu peux dire bonjour avant d'arriver ? Comment ça _ _ _ _" Twitch pas mal les bzez
53%
"Est ce que tu peux tchatcher comme moi je tchatche, je roucoule _ __ _ __ _ ___" Tartuffe je broie la langue de Molière
50%
"C'est tout simplement_ _____ ___" Sylvain D. une hallucination collective
50%
"Attention les chaises ! _ _ _ __ _ __" Chaises y'a le chèque de caution
50%
" Et pourtant je l'ai bien sécurisé __ _ ___" Vélo avec le cadenas
47%
"L'exercice c'est fait pour s'exercer quand on ne sait pas, _ _" Connaissance je sais
33%
"Je suis le laitier, _ _ _ ___" Le laitier mon lait est délicieux
19%
"C'est quoi ? Tu es qui ?" "___ __" Les cœurs noirs mercredi addams
14%
"Grenade, grenade ! ___ _ _ __" Gilet jaune grenade dans la gueule
11%
"J'ai des connaissances en chimie que t'as pas, __ _ _ _ ____" Militaire frappes-moi je t'empoisonne
8%
Aucun quiz correspondant
Distribution des résultats
% des personnes avec chaque résultat
Percentile par nombre de réponses
Votre historique - résultats
Vous n’avez pas pris ce quiz